Ricostruisci la Carriera del Calciatore - Marc Cucurella - Statistics

Statistiche generali
  • Questo quiz è stato fatto 13 volte
  • Il punteggio medio è 5 su 6
Statistiche sulle risposte
Hint Risposta % Corretto
2017-2018 Barcellona
91%
2022- Chelsea
91%
2021-2022 Brighton
82%
2016-2018 Barcellona B
73%
2019-2021 Getafe
73%
2018-2019 Eibar
64%
Nessun quiz corrispondente trovato
Distribuzione punteggi
Percentuale di utenti per punteggio
Percentile per numero di risposta
I tuoi punteggi nel tempo
Non hai fatto questo quiz